Normal view
MARC view
Entry Topical Term
001 - CONTROL NUMBER
- control field: 42790
003 - CONTROL NUMBER IDENTIFIER
- control field: ARRUPE
005 - DATE AND TIME OF LATEST TRANSACTION
- control field: 20181008114014.0
008 - FIXED-LENGTH DATA ELEMENTS
- fixed length control field: 181008|| aca||aabn | a|a d
040 ## - CATALOGING SOURCE
- Original cataloging agency: ARRUPE
- Transcribing agency: ARRUPE
150 ## - HEADING--TOPICAL TERM
- Topical term or geographic name as entry element: Meditations.
670 ## - SOURCE DATA FOUND
- Source citation: Work cat.: (ARRUPE)0: Martini, Carlo Maria, 1927-2012. 1397, Pilgrims, not strangers :, c1993.